000 00608nam a22001817a 4500
003 OSt
005 20150323160945.0
008 150323b xxu||||| |||| 00| 0 eng d
040 _cBMC
082 _a808.0687281
100 1 _933071
_aLópez Valdizón, José María
_d1929-1975
245 1 3 _aLa carta
_b: (cuentos y relatos)
_cJosé María López V. ; grabados de Alicia Arenales
260 _aGuatemala
_bUnión de Escritores y Artistas de Guatemala
_c1958
300 _a118 p., 1 h.
_bil.
_c22 cm
650 2 4 _928303
_aCuentos guatemaltecos
700 1 _933072
_aArenales, Alicia
942 _2ddc
_cBK
_hahoj
999 _c19847
_d19847